01216nam a2200241 a 450000100100000000500170001000800410002704000250006808200170009311000720011024500240018226000430020630000470024959000270029665000730032365000800039665100820047691000380055895201290059695201140072595201200083999900150095900000328320200929150414.0090707s2009 dr acd 001 0 spa d aDO-SdBNPbspacBNPHU a353.5bR426m1 aRepública Dominicana.bConsejo Nacional de Seguridad Social9115010aMemorias 2008-2007. aSanto Domingo :fCNSS,c2009.fBúho, a148 p. :bil., gráfcs., retrs. ;c28 cm. aInventariado, 2018/MFF 4aSeguridad socialzRepública DominicanaxMemorias e informes910336 4aInstituciones públicaszRepública DominicanaxMemorias e informes91285 4aRepública DominicanaxAdministración PúblicaxMemorias E Informes91286 aValidado. Control de calidad EMS. 001054708DSaGRbGRcHDd2009-07-07iLF1l0o353.5 R426mp3283-30r2020-06-25te. 3w2020-06-25yLFDSZPréstamo en sala 0010718PDaPDbPDcHDd2009-07-07iLF1l0o353.5 R426mp3283-10r2020-06-25w2020-06-25yLFPDZNo se presta 0010718PDaPDbPDcHDd2009-07-07iLF1l0o353.5 R426mp3283-20r2020-06-25te. 2w2020-06-25yLFPDZNo se presta c3114d3114